Návrh riadiaceho softvéru zariadenia na ohýbanie kovových súčiastok a ich ukladanie robotickým manipulátorom

Uložené v:
Podrobná bibliografia
Hlavný autor: Kabáč, Matúš (Autor)
Ďalší autori: Šolek, Peter (Vedúci práce)
Médium: Rukopis Kniha
Jazyk:Slovak
Vydavateľské údaje: 2017
Predmet:
On-line prístup:http://is.stuba.sk/zp/portal_zp.pl?podrobnosti=133649
Tagy: Pridať tag
Žiadne tagy, Buďte prvý, kto otaguje tento záznam!

MARC

LEADER 00000ntm a22000003a 4500
001 stuzp65554
003 SK-STU
005 20170624214247.8
007 ta
008 150427s2015----xo-----f-mn---000-0-slo-d
040 |a STU  |b slo 
041 0 |a slo 
100 1 |a Kabáč, Matúš  |u 020010  |4 aut  |U SjF Strojnícka fakulta  |T SjF Ústav aplikovanej mechaniky a mechatroniky  |X 55038  |U J0010  |Y 801  |7 55038 
242 0 1 |a Design of device control software to bending metal parts and storing them by robotic manipulator  |y eng 
245 1 0 |a Návrh riadiaceho softvéru zariadenia na ohýbanie kovových súčiastok a ich ukladanie robotickým manipulátorom 
260 |c 2017 
650 4 |a PLC zariadenie  |2 slo 
650 4 |a programovanie  |2 slo 
650 4 |a trojosový manipulátor  |2 slo 
650 4 |a servomotor  |2 slo 
650 4 |a vizualizácia  |2 slo 
650 4 |a three-axis manipulator  |2 eng 
650 4 |a servomotor  |2 eng 
650 4 |a PLC systems  |2 eng 
650 4 |a programming  |2 eng 
650 4 |a visualisation  |2 eng 
700 1 |a Šolek, Peter  |u 020010  |k Z1  |4 ths  |U SjF Strojnícka fakulta  |T SjF Ústav aplikovanej mechaniky a mechatroniky  |X 2467  |U J0010  |Y 801  |7 A000002467 
856 4 |u http://is.stuba.sk/zp/portal_zp.pl?podrobnosti=133649